KOHA-Header-6

Company Law (Record no. 2814)

000 -LEADER
fixed length control field 00291nam a2200121Ia 4500
008 - FIXED-LENGTH DATA ELEMENTS--GENERAL INFORMATION
fixed length control field 190902s9999||||xx |||||||||||||| ||und||
020 ## - INTERNATIONAL STANDARD BOOK NUMBER
International Standard Book Number 0 85297 064 1
100 ## - MAIN ENTRY--PERSONAL NAME
Personal name Muhammad Naeem Baig
245 #0 - TITLE STATEMENT
Title Company Law
260 ## - PUBLICATION, DISTRIBUTION, ETC. (IMPRINT)
Place of publication, distribution, etc lahore
Name of publisher, distributor, etc Pakistan law House
Date of publication, distribution, etc 2004
300 ## - PHYSICAL DESCRIPTION
Extent 354
942 ## - ADDED ENTRY ELEMENTS (KOHA)
Koha item type Books
Holdings
Withdrawn status Lost status Damaged status Not for loan Collection code Permanent Location Current Location Shelving location Date acquired Barcode Date last seen Price effective from Koha item type
        Law MAJU MAJU Shelf No.A46 2019-09-02 6475 2019-09-02 2019-09-02 Law

Powered by Koha